Harry Potter O.W.L.s Scores Quiz Stats

 Plays Quiz not verified by Sporcle

Support Sporcle.
Go Orange.
Score 0/7 Timer 03:00
0 Plays Today
Hint % Correct
PassOutstanding
94.7%
FailTroll
92.8%
PassExceeds Expectations
88%
PassAcceptable
79.9%
*BONUS* What does O.W.L stand for?Ordinary Wizarding Level
78.9%
FailDreadful
70.8%
FailPoor
69.9%

You're not logged in!

Compare scores with friends on all Sporcle quizzes.
OR
Log In

From the Vault

Sporcle Category Grab Bag A-Z

by sproutcm

It's like a toy box filled with facts.
Remove Ads.
Support Sporcle.
Get the best of Sporcle when you Go Orange. This ad-free experience offers more features, more stats, and more fun while also helping to support Sporcle. Thank you for becoming a member.

Show Comments

Extras

Created Feb 7, 2011ReportNominate
Tags:Owl, Probable, score

Top Quizzes Today


Score Distribution

Your Account Isn't Verified!

In order to create a playlist on Sporcle, you need to verify the email address you used during registration. Go to your Sporcle Settings to finish the process.

Report this User

Report this user for behavior that violates our Community Guidelines.

Details: